000 00241 a2200097 4500
020 _a9788126407538
100 _aLeena M. A., ed.
245 _aNattubhakshanam(നാട്ടുഭക്ഷണം)
260 _bD C books
_c2025
942 _cOO
999 _c115318
_d115317